[Event "Olympiad (w)"]
[Site "masterchessopen.com Calvia (Spain)"]
[Date "2004.10.20"]
[Round "6"]
[White "Petrenko Svetlana (MDA)"]
[Black "Erneste Inguna (LAT)"]
[Result "1-0"]
[WhiteElo "2323"]
[BlackElo "2310"]

1.e4 e5 2.Nf3 Nc6 3.Bb5 a6 4.Ba4 Nf6 5.O-O Be7 6.Re1 b5 7.Bb3 d6 8.h3 O-O 9.c3
Nb8 10.d4 Nbd7 11.Nbd2 Bb7 12.Bc2 Re8 13.Nf1 h6 14.Ng3 Bf8 15.b3 c5 16.Bb2 Qc7
17.d5 c4 18.Nd2 a5 19.Nf5 Rec8 20.Qf3 Qd8 21.bxc4 bxc4 22.Ba3 Nb6 23.Rab1 Ra6
24.Qe3 Kh7 25.f4 exf4 26.Qxf4 Ba8 27.Nxd6 Bxd6 28.Bxd6 Kg8 29.Ba3 Nbxd5
30.exd5 Qxd5 31.Nf3 Qc6 32.Bf5 Rd8 33.Rb8 Qd5 34.Qc7 {#r} 1-0

[Event "It (open)"]
[Site "masterchessopen.com Fouesnant (France)"]
[Date "2004.10.25"]
[Round "4"]
[White "Le Du Michel (FRA)"]
[Black "Ladisic Alex-Sacha (FRA)"]
[Result "0-1"]
[WhiteElo "1969"]
[BlackElo "2114"]

1.e4 e5 2.Nf3 Nc6 3.Bb5 a6 4.Ba4 Nf6 5.O-O Be7 6.Re1 b5 7.Bb3 d6 8.c3 O-O 9.h3
Nb8 10.d4 Nbd7 11.Nbd2 Bb7 12.Bc2 c5 13.d5 Ne8 14.Nf1 g6 15.Ng3 Ng7 16.Bh6 Nf6
17.Qd2 Kh8 18.Rad1 Ng8 19.Nf5 gxf5 20.exf5 Nf6 21.Bxg7+ Kxg7 22.Qg5+ Kh8
23.Qh6 Rg8 24.g4 Bf8 25.Qh4 Nxg4 26.f6 Ne3+ 27.Ng5 h6 28.Rxe3 Rxg5+ 29.Rg3
Qxf6 30.Qe4 Rxg3+ 31.fxg3 Qg7 32.Kh2 Be7 33.Rf1 Rg8 34.g4 Bc8 {#R} 0-1

[Event "It (cat.7)"]
[Site "masterchessopen.com Budapest (Hungary)"]
[Date "2004.11.11"]
[Round "6"]
[White "Reutsky Sergei (RUS)"]
[Black "Ziatdinov Raset (USA)"]
[Result "0-1"]
[WhiteElo "2318"]
[BlackElo "2464"]

1.e4 e5 2.Nf3 Nc6 3.Bb5 a6 4.Ba4 Nf6 5.O-O Be7 6.Re1 b5 7.Bb3 d6 8.c3 O-O 9.h3
Nb8 10.d4 Nbd7 11.Nbd2 Bb7 12.Bc2 Re8 13.Nf1 Bf8 14.Ng3 g6 15.Ng5 h6 16.Nf3
Bg7 17.Nh2 exd4 18.cxd4 c5 19.d5 c4 20.Be3 Nc5 21.Bd4 Rc8 22.f4 b4 23.Nf3 a5
24.h4 Ba6 25.Bxc5 Rxc5 26.h5 Qb6 27.Nd4 Nxd5 28.exd5 Rxe1+ 29.Qxe1 Bxd4+
30.Kh1 Qd8 31.Ne2 Bxb2 32.Rd1 Qf6 33.hxg6 fxg6 34.Qg3 Kg7 35.Qg4 Bc8 36.Qf3
Qh4+ 37.Kg1 Bg4 38.Qe3 Qf6 {#R} 0-1

[Event "Oberliga Southwest 2004/05"]
[Site "masterchessopen.com Germany"]
[Date "2004.12.12"]
[Round "4"]
[White "Markmann Ulrich (GER)"]
[Black "Silber Henning (GER)"]
[Result "1-0"]
[WhiteElo "2311"]
[BlackElo "2306"]

1.e4 e5 2.Nf3 Nc6 3.Bb5 a6 4.Ba4 Nf6 5.O-O Be7 6.Re1 b5 7.Bb3 d6 8.c3 O-O 9.h3
Nb8 10.d4 Nbd7 11.Nbd2 Bb7 12.Bc2 Re8 13.Nf1 d5 14.exd5 exd4 15.Nxd4 Bxd5
16.Bg5 g6 17.Ne3 Bb7 18.Qd2 Nc5 19.Bxf6 Bxf6 20.Ng4 Rxe1+ 21.Rxe1 Bg7 22.Qf4
Qd6 23.Nh6+ Bxh6 24.Qxh6 Qf6 25.Qe3 Nd7 26.Qe7 Rd8 27.Bb3 c5 28.Bxf7+ Kh8
29.Nb3 Kg7 30.Be8+ Kg8 31.Bxd7 Qxe7 32.Rxe7 Kf8 33.Rxh7 Kg8 34.Re7 Kf8 35.Re8+
{#r} 1-0

[Event "Czech League 2004/05 (2nd) (a)"]
[Site "masterchessopen.com Czech Republic"]
[Date "2004.12.19"]
[Round "5"]
[White "Vedral Oldrich (CZE)"]
[Black "Wunsch Jiri (CZE)"]
[Result "0-1"]
[WhiteElo "2263"]
[BlackElo "2130"]

1.e4 e5 2.Nf3 Nc6 3.Bb5 a6 4.Ba4 Nf6 5.O-O Be7 6.Re1 b5 7.Bb3 d6 8.c3 O-O 9.h3
Nb8 10.d4 Nbd7 11.Nbd2 Bb7 12.a4 c5 13.d5 c4 14.Bc2 Re8 15.Nf1 Bf8 16.Ng3 g6
17.Be3 Nc5 18.Qd2 Qc7 19.Nh2 Bg7 20.Bh6 Bxh6 21.Qxh6 Qe7 22.Ng4 Nxg4 23.hxg4
f6 24.Re3 Reb8 25.Nf1 Bc8 26.axb5 axb5 27.Rxa8 Rxa8 28.Rg3 Ra1 29.g5 fxg5
30.Rxg5 Qg7 31.Qh4 Nd3 32.Rg3 Nf4 33.Re3 Rc1 34.g3 Nh3+ 35.Kg2 Rxc2 36.Rf3 g5
37.Qh5 Qg6 38.Qxg6+ hxg6 {#R} 0-1

[Event "It (open)"]
[Site "masterchessopen.com Boeblingen (Germany)"]
[Date "2004.12.29"]
[Round "7"]
[White "Luther Thomas (GER)"]
[Black "Michalczak Thomas (GER)"]
[Result "1-0"]
[WhiteElo "2540"]
[BlackElo "2364"]

1.e4 e5 2.Nf3 Nc6 3.Bb5 a6 4.Ba4 Nf6 5.O-O Be7 6.Re1 b5 7.Bb3 d6 8.c3 O-O 9.h3
Nb8 10.d4 Nbd7 11.Nbd2 Bb7 12.Bc2 Re8 13.Nf1 d5 14.exd5 exd4 15.Nxd4 Nxd5
16.Nf5 Bf6 17.Rxe8+ Qxe8 18.N1g3 g6 19.Nh6+ Kh8 20.Ng4 Bg7 21.Bh6 Bxh6 22.Nxh6
Kg7 23.Qd2 N7f6 24.Re1 Qc6 25.Qg5 Re8 26.Nhf5+ Kh8 27.Rxe8+ Qxe8 28.Ne3 Qe6
29.Bb3 c5 30.Bxd5 Bxd5 31.a3 Kg7 32.Ngf5+ {#r} 1-0

[Event "Ch Asia (juniors) (under 12)"]
[Site "masterchessopen.com Pattaya (Thailand)"]
[Round "8"]
[White "Nguyen Khuong Duy (VIE)"]
[Black "Huynh Lam Binh Nguyen (VIE)"]
[Result "1-0"]
[WhiteElo "1895"]
[BlackElo "2021"]

1.e4 e5 2.Nf3 Nc6 3.Bb5 a6 4.Ba4 Nf6 5.O-O Be7 6.Re1 b5 7.Bb3 d6 8.c3 O-O 9.h3
Nb8 10.d4 Nbd7 11.Nbd2 c5 12.Nf1 Qc7 13.Ng3 Nb6 14.Be3 Bd7 15.Qd2 Rac8 16.Rac1
Bc6 17.Bg5 Rfe8 18.Re2 c4 19.Bc2 Nbd7 20.Rf1 Nf8 21.Kh1 Ng6 22.Nf5 Rb8 23.a3
a5 24.Nh2 Qb7 25.Bxf6 Bxf6 26.Nxd6 Qd7 27.Nxe8 Rxe8 28.d5 Bb7 29.Ree1 Nf4
30.Qe3 Qd6 31.Rd1 {#r} 1-0

[Event "It (cat.14)"]
[Site "masterchessopen.com Drammen (Norway)"]
[Date "2005.01.03"]
[Round "7"]
[White "Carlsen Magnus (NOR)"]
[Black "Shirov Alexei (ESP)"]
[Result "1-0"]
[WhiteElo "2570"]
[BlackElo "2710"]

{ } 1.e4 { 1 } 1...e5 2.Nf3 Nc6 3.Bb5 a6 4.Ba4 Nf6 5.O-O Be7 6.Re1 b5 7.Bb3
O-O 8.c3 d6 9.h3 Nb8 10.d4 Nbd7 11.Nbd2 Bb7 12.Bc2 Re8 13.Nf1 Bf8 14.Ng3 g6
15.b3 c6 { ?/= } 16.Bg5 Bg7 ( 16...h6 17.Be3 Qc7 18.Qd2 Kh7 19.Nh2 Bg7 20.Rad1
Qa5 21.Ng4 h5 22.Nxf6+ Nxf6 23.Bg5 Kg8 24.a4 Nh7 25.Bh6 Bxh6 26.Qxh6 Qxc3
27.Re3 Qxc2 28.Nf5 Qxd1+ 29.Kh2 gxf5 30.Rg3+ Qg4 31.hxg4 fxg4 32.Qxh5 Bc8
33.f3 exd4 34.fxg4 Re5 35.g5 Nf8 36.Rf3 { ...0-1, Korneev Oleg 2566 - Roiz
Michael 2544 , Istanbul 2003 Ch Europe } ) 17.Qd2 Qc7 18.a4 ( 18.Bh6 Nf8 (
18...Bxh6 { } ) 19.Bxg7 Kxg7 20.Qg5 Ng8 21.Nh5+ Kh8 22.Nf6 Nxf6 23.Qxf6+ Kg8
24.b4 a5 25.bxa5 Rxa5 26.Bb3 Qe7 27.Qxe7 { 1/2-1/2, Svidler Peter 2650 -
Yemelin Vasily 2460 , St. Petersburg 1996 Ch St. Petersburg } ) ( 18.Rad1 Nf8
19.Bh6 Ne6 20.a4 c5 21.d5 Nf8 22.Ra1 Rab8 23.Qg5 Bc8 24.Nh4 Bxh6 25.Qxh6 b4
26.Re3 Qe7 27.c4 Kh8 28.Nf3 Ng8 29.Qh4 Rb7 30.Qxe7 Rbxe7 31.Rf1 Nh6 32.Nd2 Kg7
33.f4 exf4 34.Rxf4 Nd7 35.Re1 Ng8 { 1/2-1/2, Sherzer Alex 2470 - Gyimesi
Zoltan 2525 , Hungary 1998 Ch Hungary (team) 1997/98 } ) 18...d5 { N } (
18...Nf8 19.b4 ( 19.Qc1 Ne6 20.Be3 Nd7 21.Ra2 d5 22.dxe5 Nxe5 23.Nd4 Nc5
24.Qd1 Nxe4 25.Nxe4 dxe4 26.Bxe4 c5 27.Bxb7 Qxb7 28.Ne2 Rad8 29.Qb1 Bf6
30.axb5 axb5 31.Nf4 Nd7 32.c4 Bd4 33.Bxd4 cxd4 34.Nd3 bxc4 35.bxc4 Qxb1
36.Rxb1 Ne5 37.Nxe5 Rxe5 38.Rd1 { ...1/2-1/2, Agopov Mikael 2389 - Tallaksen
Geir S 2360 , Gausdal 2003 It (open) "Troll Masters" } ) 19...N6d7 20.Bb3 c5
21.bxc5 dxc5 22.d5 c4 23.Bc2 Rab8 24.Nh2 h5 25.Reb1 Bc8 26.Be3 Nc5 27.axb5
axb5 28.f4 exf4 29.Bxf4 Be5 30.Bxe5 Qxe5 31.Ngf1 Qd6 32.Qd4 Bd7 33.Nf3 f6
34.N1d2 Ra8 35.Rxa8 Rxa8 36.e5 fxe5 37.Nxe5 Ra2 38.Rf1 { ...1/2-1/2, Svidler
Peter 2686 - Liang Chong 2531 , Shanghai 2001 Match (team) } ) ( 18...Rad8
19.Bd3 Nf8 20.Qc2 Ne6 21.Be3 Nd7 22.Rec1 Qb8 23.axb5 axb5 24.b4 Ba8 25.Ra5 Bb7
26.Ne2 Qc7 27.Qb3 c5 28.Bxb5 Bxe4 29.Nd2 Ba8 30.d5 Nef8 31.Rca1 Rb8 32.bxc5
dxc5 33.Ra7 Qd8 34.c4 f5 35.Qa4 Bb7 36.Bxd7 Nxd7 37.Rb1 Qc7 38.Qb5 { ...1-0,
Acs Peter 2593 - Gabriel Christian 2560 , Germany 13.11.2004 Bundesliga
2004/05 } ) ( 18...exd4 19.cxd4 { } ) ( 18...Rac8 19.Bd3 Qb6 20.Be3 c5 21.d5
b4 22.a5 bxc3 23.axb6 cxd2 24.Nxd2 Nxb6 25.Bxa6 Rb8 26.Bb5 Red8 27.b4 Nbd7
28.Bc6 cxb4 29.Ba7 Nc5 30.Bxb8 Rxb8 31.Bxb7 Rxb7 32.Ra8+ Bf8 33.Rb1 Nfd7
34.Ngf1 Nd3 35.Nc4 Kg7 36.Na5 Rb5 37.Nc6 N7c5 38.Nd2 { ...1-0, Moilanen Olli -
Keronen I, Finland 1986 Ch Finland (team) } ) 19.dxe5 Nxe5 20.Nxe5 Qxe5 21.Bf4
Qe6 22.e5 Nd7 23.Bh6 Bh8 24.f4 Qe7 25.Re3 Nf8 26.Rf1 c5 27.f5 d4 { ! } (
27...Bxe5 28.Bxf8 Qc7 29.Rxe5 Qxe5 { } ) 28.cxd4 cxd4 29.fxg6 { ? } ( { ? }
29.Qxd4 Bxe5 30.Qb6 Rab8 31.fxg6 { } ) 29...hxg6 { ?! } ( 29...dxe3 { !? }
30.gxh7+ Nxh7 31.Qe2 Bxe5 { } ) 30.Nf5 { ? } ( { ? } 30.Qxd4 Bxe5 31.Qb6 Rab8
32.Rxe5 { } ) 30...gxf5 31.Rg3+ Ng6 32.Bxf5 Qxe5 { ? } ( { ? } 32...Bxe5
33.Rg4 Qd6 34.Bf4 Re7 { } ) 33.Rg4 Bg7 34.Bxg6 { ! } ( 34.Bxg7 Kxg7 )
34...fxg6 35.Rxg6 { ! } ( 35.Bxg7 ) 35...Re7 36.Rf4 { ! } ( 36.Rd1 Rf8 )
36...Be4 { ?? } ( { ? } 36...Rf8 37.Bxg7 Rxg7 38.Rxg7+ Kxg7 { } ) 37.Rg5 Qe6 {
?! } ( 37...Bf5 { !? } 38.Bxg7 Rxg7 39.Rgxf5 Qe3+ { } ) 38.Bxg7 { } {#r} 1-0

[Event "Ch Chess Club (cat.3)"]
[Site "masterchessopen.com Sao Paulo (Brazil)"]
[Date "2005.01.27"]
[Round "7"]
[White "Limberg Estacio Vermelho (BRA)"]
[Black "De Souza Mauro (BRA)"]
[Result "0-1"]
[WhiteElo "2090"]
[BlackElo "2378"]

1.e4 e5 2.Nf3 Nc6 3.Bb5 a6 4.Ba4 Nf6 5.O-O Be7 6.Re1 b5 7.Bb3 d6 8.c3 O-O 9.h3
Nb8 10.d4 Nbd7 11.Nbd2 Bb7 12.Bc2 Re8 13.Nf1 Bf8 14.Ng3 g6 15.Bg5 h6 16.Bd2 c5
17.d5 c4 18.Nh2 Bg7 19.Ng4 Nxg4 20.hxg4 Qh4 21.Qf3 Nf6 22.Bd1 Bc8 23.Nf5 gxf5
24.gxf5 h5 25.g3 Qh3 26.Bg5 Ng4 27.f6 Bh6 28.Bh4 Qh2+ 29.Kf1 Qxh4 30.gxh4 Nh2+
31.Kg2 Nxf3 32.Bxf3 Bg4 33.Bxg4 hxg4 34.Kg3 Kh7 35.Kxg4 Rg8+ 36.Kh5 Rg6 {#R}
0-1

[Event "Ch South Region "]
[Site "masterchessopen.com Krasnodar (Russia)"]
[Round "0"]
[White "Eraschenkov Denis (RUS)"]
[Black "Karabakhsjan Adroniks (RUS)"]
[Result "1-0"]
[WhiteElo "2393"]
[BlackElo "2156"]

1.e4 e5 2.Nf3 Nc6 3.Bb5 a6 4.Ba4 Nf6 5.O-O Be7 6.Re1 b5 7.Bb3 O-O 8.c3 d6 9.h3
Nb8 10.d4 Nbd7 11.Nbd2 Bb7 12.c4 c6 13.c5 dxc5 14.dxe5 Ne8 15.e6 fxe6 16.Bxe6+
Kh8 17.e5 Bc8 18.Qc2 Nb6 19.Bxc8 Qxc8 20.Ne4 Rxf3 21.gxf3 Qxh3 22.Ng3 g6
23.Qe4 Qe6 24.Kg2 Ng7 25.Rh1 Rd8 26.Be3 Nc4 27.Rh6 Nxe5 28.Rah1 Qd5 29.Rxh7+
Kg8 30.Rh8+ Kf7 31.Rxd8 Bxd8 32.Qxd5+ cxd5 33.Bxc5 Be7 34.Bd4 Bf6 35.Rd1 Ke6
36.b3 g5 37.Rc1 Kd6 38.Rc8 Ne6 {#r} 1-0

[Event "Ch Russia (club) (1/2 final)"]
[Site "masterchessopen.com Smolensk (Russia)"]
[Round "3"]
[White "Benza Artyom (RUS)"]
[Black "Popov Valerij (RUS)"]
[Result "1-0"]
[WhiteElo "2221"]
[BlackElo "2588"]

1.e4 e5 2.Nf3 Nc6 3.Bb5 a6 4.Ba4 Nf6 5.O-O Be7 6.Re1 b5 7.Bb3 d6 8.c3 O-O 9.h3
Nb8 10.d4 Nbd7 11.Nbd2 Bb7 12.Bc2 Re8 13.Nf1 Bf8 14.Ng3 g6 15.b3 c6 16.Bb2 Qc7
17.a4 Rad8 18.Qe2 Bg7 19.c4 bxc4 20.bxc4 a5 21.c5 exd4 22.cxd6 Qxd6 23.Bxd4
Qc7 24.Bb3 c5 25.Qc4 Nf8 26.Rac1 Rc8 27.Ng5 Ne6 28.Nxe6 Rxe6 29.Qb5 c4 30.Bxc4
Rc6 {#r} 1-0

[Event "Bundesliga 2004/05"]
[Site "masterchessopen.com Germany"]
[Date "2005.02.12"]
[Round "10"]
[White "Wegener Olaf (GER)"]
[Black "Nyback Tomi (FIN)"]
[Result "0-1"]
[WhiteElo "2404"]
[BlackElo "2563"]

{ } 1.e4 e5 2.Nf3 Nc6 3.Bb5 a6 4.Ba4 Nf6 5.O-O Be7 6.Re1 b5 7.Bb3 O-O 8.h3 d6
9.c3 Nb8 10.d4 Nbd7 11.Nbd2 Bb7 12.a4 { ?/= } 12...c6 ( 12...Re8 13.Ng5 Rf8
14.Ngf3 c5 15.Bc2 Re8 16.d5 c4 17.Nf1 Bf8 18.g4 Nc5 19.Ng3 g6 20.Be3 Nfd7
21.Kh2 Qc7 22.a5 Bc8 23.Rg1 Bg7 24.Qd2 Nf8 25.Rg2 f6 26.Nh4 g5 27.Nhf5 Ng6
28.h4 Nf4 29.Bxf4 exf4 30.Nh5 Bh8 31.Qd4 Re5 32.f3 { ...0-1, Barcenilla
Rogelio 2455 - Giorgadze Giorgi 2565 , Calcutta 1994 It (open) } ) ( 12...c5
13.d5 c4 14.Bc2 Nc5 15.Nf1 Qc7 16.Ng3 Rfb8 17.Nf5 Bf8 18.Qe2 Bc8 19.g4 Bd7
20.axb5 axb5 21.Bg5 Ne8 22.Nd2 Ra7 23.Be3 Rba8 24.Rxa7 Rxa7 25.f4 Ra2 26.Rb1
g6 27.Nh4 exf4 28.Bxf4 Bg7 29.Nhf3 Bxc3 30.Nxc4 Bg7 31.Ne3 Rxb2 32.Rxb2 {
...1/2-1/2, Polgar Judit 2656 - Kasparov Garry 2849 , Internet 2000 Match
(blitz) } ) 13.Nf1 ( 13.Bc2 Re8 14.Nf1 Bf8 15.Ng3 g6 16.Be3 Qc7 17.Qd2 Nb6
18.b3 bxa4 19.Bg5 Bg7 20.bxa4 Nc4 21.Qe2 Nb6 22.Qd2 a5 23.Bb3 Rad8 24.Bh6 exd4
25.Bxg7 Kxg7 26.Nf5+ Kh8 27.Qh6 Rg8 28.Ng5 Rdf8 29.cxd4 Bc8 30.e5 Nbd7 31.exf6
Nxf6 32.Re7 Qb6 { ...1-0, Kuemin Simon 2392 - Gehrig P, Zurich 1995 It (open)
(b) } ) 13...Qc7 { +0.48 CAP } ( 13...h6 14.Ng3 Re8 15.Nh4 c5 16.Ng6 c4
17.Nxe7+ Qxe7 18.Bc2 Qf8 19.d5 g6 20.Be3 Kh7 21.Qd2 Ng8 22.Rf1 Qg7 23.f4 exf4
24.Bd4 Ne5 25.Rxf4 Re7 26.Qf2 f6 27.Ne2 Rb8 28.axb5 axb5 29.Qg3 Ra8 30.Rff1
Ree8 31.Nf4 Rxa1 32.Rxa1 Ra8 33.Qe1 { ...1/2-1/2, Madl Ildiko 2415 - Molnar
Laszlo 2028 , Balatonbereny 1994 It (open) } ) 14.Ng3 Rfe8 { N } ( 14...c5
15.d5 c4 16.Bc2 Nc5 17.b4 cxb3 18.Bxb3 Nxa4 19.Bxa4 bxa4 20.Qxa4 Bc8 21.c4 Bd7
22.Qa2 h6 23.Ba3 Rfe8 24.Rec1 Bf8 25.Qe2 g6 26.Ne1 Bc8 27.Nd3 Nd7 28.Qe3 Nc5
29.Bxc5 dxc5 30.Rc3 f5 31.Qe2 Rb8 32.Rca3 Rb6 33.f3 f4 34.Nf1 { ...1/2-1/2,
Kanyadi Zoltan 2019 - Takacs Andras 2027 , Hungary 2000 Ch Hungary
(university) } ) 15.Nf5 Bf8 16.Ng5 d5 17.dxe5 Nxe5 18.f4 Ng6 { ?! } ( 18...Nc4
{ !? } 19.e5 Ne4 20.Nxe4 dxe4 { } ) 19.e5 h6 20.exf6 hxg5 21.fxg5 Nf4 { ? } (
{ ? } 21...Re5 22.Bc2 Rae8 23.Rf1 gxf6 { } ) 22.Re7 { ? } ( 22.fxg7 Bc5+
23.Kh1 Rxe1+ 24.Qxe1 { } ) 22...Bxe7 23.Nxe7+ Rxe7 24.fxe7 Nxh3+ 25.gxh3 Qg3+
26.Kh1 Qxh3+ 27.Kg1 Qg3+ 28.Kf1 Re8 29.Qe2 Bc8 30.Qe3 { ?? } ( { ? } 30.Qf2
Bh3+ 31.Ke2 Bg4+ 32.Kf1 { } ) 30...Bh3+ 31.Ke2 Bg4+ { ?? } ( { ? } 31...Qg2+
32.Kd3 c5 33.Qe2 Qg1 { } ) 32.Kf1 { ?? } ( { ? } 32.Kd3 Bf5+ 33.Kd2 Qg2+
34.Qe2 { } ) 32...Bh3+ 33.Ke2 Qg2+ 34.Ke1 Bg4 35.axb5 Rxe7 36.Qxe7 Qg1+ 37.Kd2
Qf2+ { } {#R} 0-1

[Event "It (open) \"]
[Site "masterchessopen.com Moscow (Russia)"]
[Date "2005.02.17"]
[Round "3"]
[White "Khruschiov Alexey (MDA)"]
[Black "Luch Michal (POL)"]
[Result "1-0"]
[WhiteElo "2410"]
[BlackElo "2378"]

1.e4 e5 2.Nf3 Nc6 3.Bb5 a6 4.Ba4 Nf6 5.O-O Be7 6.Re1 b5 7.Bb3 d6 8.c3 O-O 9.h3
Nb8 10.d4 Nbd7 11.Nbd2 Bb7 12.Bc2 Re8 13.Nf1 Bf8 14.Ng3 g6 15.a4 Bg7 16.Bd3 c6
17.Bg5 h6 18.Be3 Qc7 19.Qc2 Rad8 20.Rad1 Nb6 21.b3 bxa4 22.bxa4 c5 23.d5 Nfd7
24.Nd2 a5 25.Rb1 Rb8 26.Bb5 Rf8 27.c4 Nc8 28.Nb3 Na7 29.Bd2 Nxb5 30.cxb5 Ra8
31.Nxa5 Nb6 32.Nxb7 Qxb7 33.a5 Nd7 34.Nf1 Rfb8 35.Ne3 Nf8 36.Nc4 {#r} 1-0

[Event "It (cat.8)"]
[Site "masterchessopen.com Badalona (Spain)"]
[Date "2005.03.06"]
[Round "6"]
[White "Escobar Forero Alder (COL)"]
[Black "Barrientos Sergio (COL)"]
[Result "1-0"]
[WhiteElo "2407"]
[BlackElo "2431"]

1.e4 e5 2.Nf3 Nc6 3.Bb5 a6 4.Ba4 Nf6 5.O-O Be7 6.Re1 b5 7.Bb3 d6 8.c3 O-O 9.h3
Nb8 10.d4 Nbd7 11.Nbd2 Bb7 12.Bc2 Re8 13.a4 Bf8 14.Bd3 c6 15.Bf1 g6 16.b3 Qc7
17.Bb2 Rac8 18.axb5 axb5 19.Qb1 Bg7 20.b4 Qb8 21.Ra5 exd4 22.cxd4 Nf8 23.e5
dxe5 24.dxe5 N6d7 25.Qa1 Rcd8 26.Ne4 Ne6 27.Nd6 Re7 28.Qa2 Ba8 29.Nxf7 Rde8
30.Nd6 Rd8 31.Ng5 Nf8 32.Be2 h5 33.Bd1 Bb7 34.Bb3 {#r} 1-0

[Event "It \"]
[Site "masterchessopen.com St.Petersburg (Russia)"]
[Date "2005.03.07"]
[Round "5"]
[White "Solovjov Sergey I (RUS)"]
[Black "Kostiuk Tatiana (UKR)"]
[Result "1-0"]
[WhiteElo "2497"]
[BlackElo "2269"]

1.e4 e5 2.Nf3 Nc6 3.Bb5 a6 4.Ba4 Nf6 5.O-O Be7 6.Re1 b5 7.Bb3 d6 8.c3 O-O 9.h3
Nb8 10.d4 Nbd7 11.Nbd2 Bb7 12.Bc2 Re8 13.Nf1 Bf8 14.Ng3 g6 15.b3 Bg7 16.d5 Nb6
17.a4 bxa4 18.bxa4 a5 19.Bd3 c6 20.c4 Ba6 21.dxc6 Qc7 22.c5 dxc5 23.Bb5 Red8
24.Qc2 c4 25.Be3 Ne8 26.Ne2 Nd6 27.Nc3 Ndc8 28.Red1 Ne7 29.Bxa6 Rxa6 30.Nb5
Qc8 31.Rxd8+ Qxd8 32.Rd1 Qc8 33.c7 Nc6 34.Qd2 Bf6 35.Qd6 {#r} 1-0

[Event "It \"]
[Site "masterchessopen.com St.Petersburg (Russia)"]
[Date "2005.03.08"]
[Round "7"]
[White "Ivanov Andrey (RUS)"]
[Black "Kostiuk Tatiana (UKR)"]
[Result "1-0"]
[WhiteElo "2231"]
[BlackElo "2269"]

1.e4 e5 2.Nf3 Nc6 3.Bb5 a6 4.Ba4 Nf6 5.O-O Be7 6.Re1 b5 7.Bb3 d6 8.c3 O-O 9.h3
Nb8 10.d4 Nbd7 11.Nbd2 Bb7 12.Bc2 Re8 13.Nf1 Bf8 14.Ng3 g6 15.b3 Bg7 16.d5 Rc8
17.Bg5 h6 18.Be3 c6 19.c4 cxd5 20.cxd5 Nc5 21.a4 bxa4 22.b4 Ncd7 23.Bxa4 Rf8
24.Qd3 Nb6 25.Bb3 Nfd7 26.Ra2 Rc7 27.b5 axb5 28.Qxb5 Rc8 29.Ra7 Rb8 30.Qb4 Re8
31.Rc1 Bf8 32.Bd1 f5 33.exf5 Bxd5 34.Qg4 Qf6 35.Bxb6 Nxb6 36.Nh5 {#r} 1-0

[Event "Ch Croatia (team) (2nd league)"]
[Site "masterchessopen.com Croatia"]
[Date "2005.05.15"]
[Round "5"]
[White "Jovicic Miodrag (CRO)"]
[Black "Vukic Aleksandar (CRO)"]
[Result "0-1"]
[WhiteElo "1984"]
[BlackElo "2230"]

1.e4 e5 2.Nf3 Nc6 3.Bb5 a6 4.Ba4 Nf6 5.O-O Be7 6.Re1 b5 7.Bb3 d6 8.c3 O-O 9.h3
Nb8 10.d4 Nbd7 11.Nbd2 Bb7 12.Bc2 Re8 13.Nf1 Bf8 14.Ng3 g6 15.Nh2 Bg7 16.f4
exd4 17.cxd4 h5 18.e5 h4 19.Ne4 Nxe4 20.Bxe4 Bxe4 21.Rxe4 c5 22.Qe1 cxd4
23.Nf3 dxe5 24.fxe5 Qb6 25.Kh1 d3 26.Qxh4 Nxe5 27.Ng5 Nc4 28.Rf4 Ra7 29.b3 d2
30.Bxd2 Nxd2 31.Rd1 Qe3 32.Qh7+ Kf8 33.Qh4 f5 34.Rf2 Ne4 35.Rf3 {#R} 0-1

[Event "It \"]
[Site "masterchessopen.com Madrid (Spain)"]
[Date "2005.05.23"]
[Round "3"]
[White "De La Barrera M Eduardo (ESP)"]
[Black "Roa Alonso Santiago (ESP)"]
[Result "0-1"]
[WhiteElo "2092"]
[BlackElo "2364"]

1.e4 e5 2.Nf3 Nc6 3.Bb5 a6 4.Ba4 Nf6 5.O-O Be7 6.Re1 b5 7.Bb3 d6 8.c3 O-O 9.h3
Nb8 10.d4 Nbd7 11.Nbd2 Bb7 12.Bc2 Re8 13.Nf1 Bf8 14.Ng3 g6 15.Bg5 h6 16.Be3
exd4 17.cxd4 Nxe4 18.Nxe4 Bxe4 19.Bg5 Bxf3 20.Bxd8 Bxd1 21.Rxe8 Bxc2 22.Rc1
Bf5 23.Rxc7 Nb6 24.Rb7 Nd5 25.g4 Bc8 {#R} 0-1

[Event "It"]
[Site "masterchessopen.com Valjevo (Yugoslavia)"]
[Date "2005.06.18"]
[Round "7"]
[White "Kostic Vladimir (SRB)"]
[Black "Orlov Pavle (SRB)"]
[Result "1-0"]
[WhiteElo "2502"]
[BlackElo "2321"]

1.e4 e5 2.Nf3 Nc6 3.Bb5 a6 4.Ba4 Nf6 5.O-O Be7 6.Re1 b5 7.Bb3 d6 8.c3 O-O 9.h3
Nb8 10.d4 Nbd7 11.Nbd2 Bb7 12.Bc2 Re8 13.b3 Bf8 14.a4 g6 15.Bd3 c6 16.Bb2 Bg7
17.Qc2 Qb6 18.Bf1 h6 19.c4 Re6 20.axb5 axb5 21.Rxa8+ Bxa8 22.cxb5 cxb5 23.d5
Re8 24.b4 Bf8 25.Rc1 Be7 26.Ba3 Nh5 27.Qc7 {#r} 1-0

[Event "Ch Argentina (1/2 final)"]
[Site "masterchessopen.com Argentina"]
[Date "2005.07.02"]
[Round "1"]
[White "Della Morte Pablo (ARG)"]
[Black "Oviedo Manuel (ARG)"]
[Result "1-0"]
[WhiteElo "2302"]
[BlackElo "1990"]

1.e4 e5 2.Nf3 Nc6 3.Bb5 a6 4.Ba4 Nf6 5.O-O Be7 6.Re1 b5 7.Bb3 d6 8.c3 O-O 9.h3
Nb8 10.d4 Nbd7 11.Nbd2 Bb7 12.Bc2 Re8 13.Nf1 Bf8 14.Ng3 g6 15.a4 Bg7 16.d5 Nb6
17.axb5 axb5 18.Rxa8 Qxa8 19.Qe2 Ba6 20.Bd3 c6 21.Bg5 Na4 22.dxc6 Qxc6 23.Ra1
Rb8 24.Rxa4 bxa4 {#r} 1-0

[Event "Ch World (juniors) (under 18)"]
[Site "masterchessopen.com Belfort (France)"]
[Date "2005.07.26"]
[Round "8"]
[White "Stopa Jacek (POL)"]
[Black "Ragger Markus (AUT)"]
[Result "1-0"]
[WhiteElo "2478"]
[BlackElo "2433"]

1.e4 e5 2.Nf3 Nc6 3.Bb5 a6 4.Ba4 Nf6 5.O-O Be7 6.Re1 b5 7.Bb3 d6 8.c3 O-O 9.h3
Nb8 10.d4 Nbd7 11.Nbd2 Bb7 12.Bc2 Re8 13.Nf1 Bf8 14.Ng3 g6 15.a4 Bg7 16.Bd3 c6
17.Bg5 h6 18.Bd2 d5 19.axb5 axb5 20.Rxa8 Bxa8 21.exd5 Nxd5 22.dxe5 Nxe5
23.Nxe5 Rxe5 24.Rxe5 Bxe5 25.Bxh6 Qh4 26.Qe2 f6 27.Bd2 Kf7 28.Ne4 Qh5 29.Qf1
Nf4 30.Bxf4 Bxf4 31.Qa1 Qd5 32.Qa7+ Ke6 33.Qxa8 {#r} 1-0

[Event "It (open)"]
[Site "masterchessopen.com Brasschaat (Belgium)"]
[Date "2005.08.22"]
[Round "3"]
[White "Dutreeuw Marc (BEL)"]
[Black "Van Herck Paul (BEL)"]
[Result "1-0"]
[WhiteElo "2375"]
[BlackElo "1958"]

1.e4 e5 2.Nf3 Nc6 3.Bb5 a6 4.Ba4 Nf6 5.O-O Be7 6.Re1 b5 7.Bb3 d6 8.c3 O-O 9.h3
Nb8 10.d4 Nbd7 11.Nbd2 Bb7 12.Bc2 Re8 13.Nf1 Bf8 14.Ng3 g6 15.b3 Bg7 16.d5 Nb6
17.Rb1 c6 18.c4 cxd5 19.cxd5 Nfd7 20.Bd2 a5 21.Bd3 b4 22.Bc2 Nf6 23.a3 Nfxd5
24.exd5 Nxd5 25.Be4 Nc3 26.Bxc3 Bxe4 27.Nxe4 bxc3 28.Nxc3 {#r} 1-0

[Event "Ch Slovenia (team) (juniors)"]
[Site "masterchessopen.com Slovenia"]
[Date "2005.08.24"]
[Round "6"]
[White "Zupancic Urban (SLO)"]
[Black "Budihna Kristijan (SLO)"]
[Result "0-1"]
[WhiteElo "1783"]
[BlackElo "2070"]

1.e4 e5 2.Nf3 Nc6 3.Bb5 a6 4.Ba4 Nf6 5.O-O Be7 6.Re1 b5 7.Bb3 O-O 8.c3 d6 9.h3
Nb8 10.d4 Nbd7 11.a4 Bb7 12.Nbd2 c5 13.Bc2 Re8 14.Nf1 Bf8 15.Ng3 g6 16.Nh2 h5
17.Bg5 Qc7 18.d5 c4 19.Kh1 Nh7 20.Bd2 Be7 21.Rf1 Nhf6 22.f4 exf4 23.Bxf4 h4
24.Ne2 Nc5 25.axb5 axb5 26.Rxa8 Bxa8 27.Nd4 Nfxe4 28.Bxe4 Nxe4 29.Nxb5 Qb6
30.Nd4 Qxb2 31.Qa4 Rb8 32.Qd7 Bxd5 33.Nhf3 Qb7 34.Qg4 Qc8 {#R} 0-1

[Event "Ch Europe (juniors) (under 16) (g)"]
[Site "masterchessopen.com Herceg Novi (Montenegro)"]
[Round "2"]
[White "Daulyte Deimante (LTU)"]
[Black "Ikonomopoulou Maria (GRE)"]
[Result "1-0"]
[WhiteElo "2241"]
[BlackElo "2006"]

1.e4 e5 2.Nf3 Nc6 3.Bb5 a6 4.Ba4 Nf6 5.O-O Be7 6.Re1 b5 7.Bb3 d6 8.c3 O-O 9.h3
Nb8 10.d4 Nbd7 11.Nbd2 Bb7 12.a4 c5 13.d5 c4 14.Bc2 Nc5 15.Nf1 g6 16.Bh6 Re8
17.N1h2 Qc7 18.Ng5 Rab8 19.Ng4 Bc8 20.Rf1 Nxg4 21.hxg4 Qd7 22.f3 b4 23.Qe2 b3
24.Bd1 Nd3 25.g3 Rd8 26.Kg2 {#r} 1-0